[Event "Ortisei Server24 op-B 2nd"]
[Site "Ortisei"]
[Date "2013.06.03"]
[Round "3"]
[White "Tomio, Dante"]
[Black "Haidacher, Gerold"]
[Result "1-0"]
[WhiteElo "1849"]
[BlackElo "1782"]
[PlyCount "87"]
[EventDate "2013.06.01"]
[EventType "swiss"]
[EventRounds "9"]
[EventCountry "ITA"]
[SourceTitle "EXT 2024"]
[Source "ChessBase"]
[SourceDate "2023.10.10"]
[SourceVersion "1"]
[SourceVersionDate "2023.10.10"]
[SourceQuality "1"]

1. d4 d5 2. Nf3 Nf6 3. e3 e6 4. Bd3 c5 5. b3 Nc6 6. 0-0 Bd6 7. Bb2 0-0 8. Nbd2 Qe7 9. c4 cxd4 10. exd4 Ba3 11. Qc1 Bxb2 12. Qxb2 Rd8 13. Rfe1 Qf8 14. Rac1 g6 15. a3 Qg7 16. b4 Ne7 17. c5 Bd7 18. Ne5 Rac8 19. Ndf3 Be8 20. b5 Ne4 21. Bxe4 dxe4 22. Rxe4 Nd5 23. Nc4 Ne7 24. Nd6 Rb8 25. Ne5 Nd5 26. Qb3 Qh6 27. Rce1 Qd2 28. Qf3 f5 29. Qe2 Qh6 30. Nef7 Bxf7 31. Rxe6 Nf4 32. Qc4 Nxe6 33. Rxe6 Rf8 34. Nxf7 Rxf7 35. d5 Qg7 36. h3 Rc8 37. d6 Kf8 38. c6 bxc6 39. bxc6 Qa1+ 40. Kh2 Qxa3 41. Qd4 Kg8 42. d7 Rxd7 43. cxd7 Rd8 44. Re8+ 1-0